000 00503nam a2200217Ia 4500
003 OSt
005 20221005120955.0
006 a|||||r|||| 00| 0
007 ta
008 221004b |||||||| |||| 00| 0 eng d
024 _a115509
037 _cTextual
040 _aCRL
_cCRL
_beng
041 _2eng
_aeng
100 _aKaang Jaspaal
_9629900
245 0 _aGalap chetna
260 _c1980
650 _aPUNJABI LITERATURE
942 _cTEXL
_2cc
999 _c1039721
_d1039721